Statystyki dla Wszystkie kraje z literą "Ł" #1

Kliknij tutaj aby rozwiązać quiz!

Ogólne statystyki

  • Ten quiz został rozwiązany 2 812 razy
    (1 798 od ostatniego zresetowania)
  • Średni wynik to 7 z 13

Statystyki odpowiedzi

KontynentPaństwo% Poprawnych
EuropaŁotwa
99%
EuropaMołdawia
63%
EuropaSłowacja
62%
EuropaSłowenia
61%
EuropaBiałoruś
60%
EuropaBułgaria
59%
EuropaWłochy
59%
AzjaKorea Południowa
48%
AzjaKorea Północna
47%
EuropaMacedonia Północna
43%
AfrykaRepublika Południowej Afryki
42%
AfrykaSudan Południowy
36%
AfrykaWybrzeże Kości Słoniowej
34%

Rozkład punktacji

Percentyl według liczby udzielonych odpowiedzi

Procent ludzi z każdym wynikiem

Twoja historia wyników

Nie rozwiązałeś tego quizu od ostatniego zresetowania